Housing development sector in the age of reforms, globalisation and liberalisation (Record no. 106314)
[ view plain ]
| 000 -LEADER | |
|---|---|
| fixed length control field | 01211cam a22003015a 4500 |
| 001 - CONTROL NUMBER | |
| control field | ##L136082 |
| 008 - FIXED-LENGTH DATA ELEMENTS--GENERAL INFORMATION | |
| fixed length control field | 070108s2006 xxk f 100 0 eng d |
| 020 ## - INTERNATIONAL STANDARD BOOK NUMBER | |
| International Standard Book Number | 9781842193074 |
| 035 ## - SYSTEM CONTROL NUMBER | |
| System control number | (Sirsi) u136082 |
| 041 0# - LANGUAGE CODE | |
| Language code of text/sound track or separate title | 306.159 $2 18 |
| 050 04 - LIBRARY OF CONGRESS CALL NUMBER | |
| Classification number | eng |
| 100 1# - MAIN ENTRY--PERSONAL NAME | |
| Personal name | Awil, Ahmed Usman |
| 245 00 - TITLE STATEMENT | |
| Title | Housing development sector in the age of reforms, globalisation and liberalisation |
| Remainder of title | experiences of housing developers from Asia Pacific |
| 260 ## - PUBLICATION, DISTRIBUTION, ETC. | |
| Place of publication, distribution, etc. | London |
| Name of publisher, distributor, etc. | RICS |
| Date of publication, distribution, etc. | 2006 |
| 490 #0 - SERIES STATEMENT | |
| Series statement | COBRA |
| Volume/sequential designation | 2006 |
| 520 ## - SUMMARY, ETC. | |
| Summary, etc. | Presents the findings of a study detailing the internationalisation of Malaysian housing developers (as a primary data source) and the experience of developers from Hong Kong, Singapore and Indonesia (as secondary data sources). Figures. Tables. References. |
| 651 #4 - SUBJECT ADDED ENTRY--GEOGRAPHIC NAME | |
| Geographic name | Malaysia |
| Chronological subdivision | 1965- |
| 651 #4 - SUBJECT ADDED ENTRY--GEOGRAPHIC NAME | |
| Geographic name | HONG KONG |
| 651 #4 - SUBJECT ADDED ENTRY--GEOGRAPHIC NAME | |
| Geographic name | SINGAPORE |
| 651 #4 - SUBJECT ADDED ENTRY--GEOGRAPHIC NAME | |
| Geographic name | INDONESIA |
| 651 #4 - SUBJECT ADDED ENTRY--GEOGRAPHIC NAME | |
| Geographic name | INDIA |
| 651 #4 - SUBJECT ADDED ENTRY--GEOGRAPHIC NAME | |
| Geographic name | CHINA |
| 651 #4 - SUBJECT ADDED ENTRY--GEOGRAPHIC NAME | |
| Geographic name | VIETNAM |
| 690 ## - LOCAL SUBJECT ADDED ENTRY--TOPICAL TERM (OCLC, RLIN) | |
| Topical term or geographic name as entry element | PROPERTY-RESIDENTIAL PROPERTY-RESIDENTIAL PROPERTY DEVELOPMENT |
| 700 1# - ADDED ENTRY--PERSONAL NAME | |
| Personal name | Abdul Aziz, A. A. |
| 856 40 - ELECTRONIC LOCATION AND ACCESS | |
| Uniform Resource Identifier | <a href="https://www.rics.org/site/scripts/download_info.aspx?downloadID=2901">https://www.rics.org/site/scripts/download_info.aspx?downloadID=2901</a> |
| Public note | View the paper free of charge at www.rics.org... |
| 942 ## - ADDED ENTRY ELEMENTS (KOHA) | |
| Suppress in OPAC | 0 |
| Withdrawn status | Lost status | Source of classification or shelving scheme | Damaged status | Not for loan | Home library | Current library | Shelving location | Date acquired | Total Checkouts | Full call number | Barcode | Date last seen | Copy number | Price effective from | Koha item type |
|---|---|---|---|---|---|---|---|---|---|---|---|---|---|---|---|
| Dewey Decimal Classification | Virtual | Virtual | Online | 08/01/2007 | ONLINE PUBLICATIONS | 136082-2001 | 06/08/2019 | 1 | 06/08/2019 | Book |